000 00664nam a2200181Ia 4500
008 151202s9999||||xx |||||||||||||| ||und||
082 _bPNVM-71087
100 _aपंडित श्रीनिवास.
245 _aघरट्याकडे घराभोवती.
260 _b"ऊर्जा प्रकाशन,पुणे."
260 _c71087
300 _a36
600 _aपंडित श्रीनिवास.
630 _aघरट्याकडे घराभोवती.
700 _aपंडित श्रीनिवास.
730 _aघरट्याकडे घराभोवती.
942 _cBOOK
999 _c1337592
_d1337589